Performance of Indian public enterprises: macro reportes (Record no. 354864)

000 -LEADER
fixed length control field 00407cam a22001217a 4500
008 - FIXED-LENGTH DATA ELEMENTS--GENERAL INFORMATION
fixed length control field 180718b1978 xxu||||| |||| 00| 0 eng d
082 ## - DEWEY DECIMAL CLASSIFICATION NUMBER
Classification number U6x54 St24p
245 ## - TITLE STATEMENT
Title Performance of Indian public enterprises: macro reportes
260 ## - PUBLICATION, DISTRIBUTION, ETC.
Place of publication, distribution, etc. Delhi
Name of publisher, distributor, etc. Standing Conference of Ppublic Enterprise
Date of publication, distribution, etc. 1978
300 ## - PHYSICAL DESCRIPTION
Extent 262p.
650 ## - SUBJECT ADDED ENTRY--TOPICAL TERM
Topical term or geographic name entry element Government enterprise - India
700 ## - ADDED ENTRY--PERSONAL NAME
Personal name Standing Conference of Public Enterprises
Holdings
Withdrawn status Lost status Damaged status Not for loan Permanent Location Current Location Date acquired Full call number Barcode Date last seen Price effective from Koha item type
        Indian Institute of Public Administration Indian Institute of Public Administration 1993-12-14 U6x54 St24p 55375 2018-07-21 2018-07-21 Book

Powered by Koha